000 00251nam a22001097a 4500
999 _c65391
_d65388
082 _a333.91
100 _aناصر آئ فاروقی
245 _aاسلام میں پانی کا انتظام
260 _aکراچی
300 _a۱۷۴
942 _cBK